Retablo de la vida humana / (Record no. 114258)

MARC details
000 -LEADER
campo de control de longitud fija 00601nam a2200169 4500
001 - NÚMERO DE CONTROL
campo de control 114258
003 - IDENTIFICADOR DE NÚMERO DE CONTROL
campo de control ES-MaACL
007 - CAMPO FIJO DE DESCRIPCIÓN FÍSICA--INFORMACIÓN GENERAL
campo de control de longitud fija t|
008 - DATOS DE LONGITUD FIJA--INFORMACIÓN GENERAL
campo de control de longitud fija 061121m19521963sp r ||||1| spa d
100 1# - ENTRADA PRINCIPAL--NOMBRE DE PERSONA
Nombre de persona Pallarés, Juan.
9 (RLIN) 88575
245 10 - MENCIÓN DEL TÍTULO
Título Retablo de la vida humana /
Mención de responsabilidad, etc. Juan Pallarés.
260 ## - PUBLICACIÓN, DISTRIBUCIÓN, ETC.
Lugar de publicación, distribución, etc. Madrid :
Nombre del editor, distribuidor, etc. [s. n.],
Fecha de publicación, distribución, etc. 1952-1963.
300 ## - DESCRIPCIÓN FÍSICA
Extensión 2 v. ;
Dimensiones 18 cm.
505 8# - NOTA DE CONTENIDO CON FORMATO
Nota de contenido con formato Contiene: v. 1: Suma de consideraciones de varia lección / prólogo de Luis Astrana Marín; v. 2: Nueva suma de consideraciones de varia lección
700 1# - ENTRADA AGREGADA--NOMBRE PERSONAL
Nombre de persona Astrana Marín, Luis.
9 (RLIN) 23693
852 ## - LOCALIZACIÓN
Ubicación ES-MaACL
Número de control de estantería E-3692-3
Sublocalización o colección R.32568
Holdings
Estatus retirado Estado de pérdida Estado de daño No para préstamo Biblioteca de origen Biblioteca actual Ubicación en estantería Fecha de adquisición Fuente de adquisición Total de préstamos Signatura topográfica completa Código de barras Visto por última vez Precio de reemplazo Tipo de ítem Koha
        Biblioteca del Ateneo de Madrid Biblioteca del Ateneo de Madrid Depósito 2 17/01/2008     E-3692-3 1119159 23/02/2023 23/02/2023 Libro impreso